Language (Record no. 7641)

MARC details
000 -LEADER
fixed length control field 00422cam a2200193ua 4500
001 - CONTROL NUMBER
control field 8546
005 - DATE AND TIME OF LATEST TRANSACTION
control field 20260515114340.0
008 - FIXED-LENGTH DATA ELEMENTS--GENERAL INFORMATION
fixed length control field 150206n ii |||gr||||Z||||||eng
040 ## - CATALOGING SOURCE
Transcribing agency MAIN
041 ## - LANGUAGE CODE
Language code of text/sound track or separate title eng
082 ## - DEWEY DECIMAL CLASSIFICATION NUMBER
Classification number 400
100 ## - MAIN ENTRY--PERSONAL NAME
Personal name Bloomfield, L.,
Relator term Author.
245 ## - TITLE STATEMENT
Title Language
Statement of responsibility, etc. By L. Bloomfield
250 ## - EDITION STATEMENT
Edition statement 1st.
260 ## - PUBLICATION, DISTRIBUTION, ETC.
Place of publication, distribution, etc. Delhi:
Name of publisher, distributor, etc. Motilal,
Date of publication, distribution, etc. 1975.
300 ## - PHYSICAL DESCRIPTION
Extent 566p.
653 ## - INDEX TERM--UNCONTROLLED
Uncontrolled term Language
942 ## - ADDED ENTRY ELEMENTS (KOHA)
Koha item type Books
Holdings
Withdrawn status Lost status Damaged status Not for loan Home library Current library Shelving location Date acquired Total checkouts Full call number Barcode Date last seen Copy number Price effective from Koha item type
        Naharkatiya College Library Naharkatiya College Library General stacks 09/19/2020   400 | BLO 4427 09/19/2020 2 09/19/2020 Books
        Naharkatiya College Library Naharkatiya College Library General stacks 09/19/2020   400 | BLO 8877 09/19/2020 1 09/19/2020 Books